[Event "Yongchuan zt 3.3"]
[Site "Yongchuan"]
[Date "2003.07.19"]
[Round "8"]
[White "Zhang, Zhong"]
[Black "Zhao, Jun"]
[Result "1-0"]
[WhiteElo "2658"]
[BlackElo "2447"]
[Annotator "Psakhis,L"]
[PlyCount "41"]
[EventDate "2003.07.11"]
[EventType "tourn"]
[EventRounds "11"]
[EventCountry "CHN"]
[EventCategory "12"]
[SourceTitle "CBM 097"]
[Source "ChessBase"]
[SourceDate "2003.11.11"]
[SourceVersion "1"]
[SourceVersionDate "2003.11.11"]
[SourceQuality "1"]

1. e4 c5 2. Nf3 d6 3. Bb5+ Bd7 4. Bxd7+ Qxd7 5. c4 Nc6 6. Nc3 Ne5 7. d4 $5 {
The future of this variation depends upon the correct evaluation of this
interesting move.} (7. Nxe5 dxe5 8. Qh5 Qd4 9. Qe2 e6 10. d3 Qd7 11. O-O Ne7
12. f4 exf4 13. Bxf4 Ng6 14. Bg3 Be7 15. e5 O-O 16. Kh1 Rad8 17. Rf3 a6 18.
Raf1 $36 {1/2-1/2 Nevednichy,V-Tseitlin,M/Bucharest 1993 (31)}) 7... Nxf3+ 8.
gxf3 cxd4 (8... O-O-O 9. Be3 e6 10. Qb3 $14 {[%cal Ge1c1]}) 9. Qxd4 e6 10. Be3
Ne7 (10... Nf6 $5 11. Rd1 a6) 11. f4 (11. O-O-O Nc6 12. Qd2 Rd8 13. Rhg1 Qc8
14. f4 g6 15. Kb1 Be7 16. Qe2 O-O 17. h4 $36 {1-0 Rublevsky,S-Becerra Rivero,J/
WchT Luzern 1997/CBM 62/[Rublevsky, HarZvi] (33)}) 11... Nc6 12. Qd2 Be7 13.
Rg1 $5 $146 {Unlike Black who has not completed his development yet, all Black
pieces are involved in the struggle and aim at the Black king.} (13. O-O-O
O-O-O 14. Nb5 $5 (14. Kb1 Kb8 15. Qc2 b6 16. Rd2 Qb7 17. Rhd1 g6 18. f3 Rd7 19.
a3 Na5 20. Nb5 Qc6 $13 {1-0 Kotsur,P-Rashkovsky,N/RUS-Cup Tula 1999 (36)})
14... Kb8 15. Kb1 b6 16. Qc3 $36 Qb7 $6 17. Qxg7 Na5 18. Qd4 Qc6 19. b3 $16 {
1-0 Magem Badals,J-Fernandez Garcia,J/Dos Hermanas op 2000/ (41)}) 13... g6 {
[%csl Re8,Rf6] A mistake after which black will find himself in big troubles!}
(13... O-O $5 14. O-O-O (14. f5 Ne5 $1 15. Qe2 exf5) 14... Rac8) 14. O-O-O Rd8
(14... O-O-O 15. Nb5 Kb8 16. Kb1 $14) 15. Kb1 $5 Qc7 (15... O-O 16. h4 $5 Bxh4
$140 17. Rh1 Bf6 18. e5 $36) ({Perhaps Black should have considered} 15... Qc8
$5) 16. Nb5 Qc8 (16... Qb8 17. Nxa7 $5 Nxa7 $140 18. Qd4 {[%cal Gd4h8,Gd4a7]})
17. Qc3 O-O (17... Rf8 {[%csl Re8]}) 18. f5 $1 {Zhang Zhong immediately begins
an offensive against Black's weak king.} d5 (18... exf5 19. Bh6 f6 20. Bxf8
Rxf8 21. Qc2 $18) (18... Rfe8 19. Bh6) 19. cxd5 $5 ({I think that White
rightly avoided the line} 19. Bh6 d4 20. Nxd4 Rxd4 $1 21. Rxd4 Bf6 $14) 19...
Bb4 (19... exd5 20. Bh6 d4 21. Qb3 {[%cal Rf5g6,Rg1g6,Rb3g8]} Na5 22. Qa4 $18)
20. Qb3 (20. Nxa7 $5) 20... exd5 21. fxg6 (21. fxg6 hxg6 22. exd5 a6 23. dxc6
Qf5+ 24. Qc2 Qxc2+ 25. Kxc2 axb5 26. cxb7 $18) 1-0

[Event "Yongchuan zt 3.3"]
[Site "Yongchuan"]
[Date "2003.07.21"]
[Round "9"]
[White "Zhou, Weiqi"]
[Black "Wang, Zili"]
[Result "1-0"]
[WhiteElo "2388"]
[BlackElo "2542"]
[Annotator "Psakhis,L"]
[PlyCount "73"]
[EventDate "2003.07.11"]
[EventType "tourn"]
[EventRounds "11"]
[EventCountry "CHN"]
[EventCategory "12"]
[SourceTitle "CBM 097"]
[Source "ChessBase"]
[SourceDate "2003.11.11"]
[SourceVersion "1"]
[SourceVersionDate "2003.11.11"]
[SourceQuality "1"]

1. Nf3 c5 2. e4 d6 3. Bb5+ Bd7 4. Bxd7+ Qxd7 5. c4 Nf6 6. Nc3 Nc6 7. O-O Ne5 8.
b3 (8. d3 e6 9. Ne1 Be7 10. f4 Nc6 11. Nf3 (11. Nc2 O-O 12. b3 a6 13. Bb2 Rfc8
14. Qe2 Qc7 15. Nd1 Nd7 16. Nde3 Bf6 17. Bxf6 Nxf6 18. Ng4 {1/2-1/2 Vujosevic,
V-Kosanovic,G/YUG t-ch 1999 (18)}) 11... Qc7 12. h3 a6 13. Be3 O-O 14. a4 Rad8
15. Qe2 Nb4 16. Bf2 Rfe8 17. g4 d5 $132 {Kasparov,G-Akopian,V/Internet blitz
1998/EXT 2003/1-0 (60)}) (8. Nxe5 dxe5 9. Qe2 (9. d3 e6 10. f4 Bd6 11. f5 O-O-O
12. fxe6 fxe6 13. Qe2 Be7 14. Rd1 Qe8 15. Be3 Qh5 16. Qxh5 Nxh5 {1/2-1/2
Komliakov,V-Shipov,S/Moscow op-12 1996 (16)}) 9... e6 10. f4 exf4 11. e5 Ng8
12. d3 Ne7 13. Bxf4 Nc6 14. Ne4 O-O-O 15. Rad1 Be7 16. Kh1 Nd4 $13 {1-0
Iordachescu,V-Ghinda,M/ROM t-ch 1999 (33)}) 8... e6 9. Kh1 $5 $146 (9. Qe2 Be7
10. Rd1 Nfg4 11. Nxe5 Nxe5 12. d4 cxd4 13. Rxd4 Qc6 14. Ba3 a6 15. Rad1 b5 16.
Bxd6 Bxd6 17. Rxd6 Qc5 18. Qh5 g6 19. Qh6 Qxf2+ 20. Kxf2 Ng4+ 21. Kg3 Nxh6 22.
cxb5 axb5 23. Nxb5 Ke7 {Brochet,P-Touzane,O/FRA-ch op 1998/1/2-1/2 (58)}) 9...
Qc6 $6 {Inaccuracy! This artificial move leads to very unpleasant game for
black.} (9... Be7 $142 $13) 10. d4 Nxf3 11. d5 $1 {Maybe Wang Zili just forget
about this possibility.} exd5 12. exd5 Qd7 13. Qxf3 Be7 {Black still has solid
position, but it's very difficult for him to get any counter play.} 14. Bf4 {
[%csl Rd6]} (14. Bb2 $5 O-O 15. Rfe1 $36 {[%csl Gb2,Ge1,Gf3]}) 14... O-O (14...
Qg4 15. Qe3) 15. Rae1 {Black should have stuck to a passive defense.} Rfe8 16.
h3 {[%csl Gg4]} a6 17. a4 Bd8 ({I would prefer} 17... Bf8 $5 18. Bg5 Rxe1 19.
Rxe1 Re8 $14 {with good chances for defense.}) 18. Rxe8+ Nxe8 19. Ne4 $5 (19.
Re1 Ba5) 19... b5 20. Re1 (20. axb5 axb5 {[%cal Ga8a2]}) 20... bxa4 21. bxa4 {
White has gained total control over the position and only needs to find a plan
of breaking through.} Bf6 (21... Ba5 22. Re3) (21... Qxa4 $2 22. Nxc5 $1 dxc5
23. Qb3 $3 Qd7 24. Qb7 $1 $18) 22. Qg4 $5 (22. a5 $5) 22... Qxa4 (22... Qd8 23.
Rb1 $36) (22... Qxg4 23. hxg4 {[%csl Rd6]}) 23. Bxd6 Bd4 {This move allows a
typical exchange sacrifice after which White receives very good compensation
and easy play.} (23... Qb4 $142 24. Qe2 $14) 24. Bxc5 $1 {[%mdl 512] Excellent
reply! By sacrificing the exchange White takes the initiative.} Qa5 (24... Bxc5
$2 25. Nxc5 Qa5 26. Nd3 $18) 25. Bxd4 (25. Qe2 $4 Bxc5 26. Nxc5 Qxc5 27. Qxe8+
Rxe8 28. Rxe8+ Qf8 29. Rxf8+ Kxf8 $19 {[%csl Ga6]}) 25... Qxe1+ 26. Kh2 $44 {
[%csl Gc4,Gd4,Gd5,Ge4,Gg4]} h5 ({The lesser evil for Black was} 26... Qb4 $142
$5 $14) 27. Qf5 {[%cal Re4g5]} Qb4 $8 28. f4 $5 (28. Ng5 Qd6+ {[%cal Gd6g6]})
28... Qe7 29. c5 {[%csl Gc5,Gd5] It is difficult to believe, that Black can
stop white pawns.} g6 (29... Nc7 30. d6 Qe6 31. Qg5 $18) 30. Nf6+ Kf8 31. Qg5 (
31. Nd7+ $5 Kg8 32. Qe5 Qxe5 33. fxe5 {[%csl Gc5,Gd5,Ge5] was good enough, but
move in the game even stronger.}) 31... Nxf6 32. d6 $1 Ng4+ (32... Qe6 33. Qxf6
Qxf6 34. Bxf6 Ke8 35. c6 $18) 33. hxg4 Qxg5 34. fxg5 Rd8 35. c6 $1 $18 Ke8 (
35... Rxd6 36. Bc5 Ke7 37. c7) 36. d7+ Rxd7 37. cxd7+ 1-0

[Event "RUS-ch 56th"]
[Site "Krasnoyarsk"]
[Date "2003.09.11"]
[Round "8"]
[White "Morozevich, Alexander"]
[Black "Najer, Evgeniy"]
[Result "1-0"]
[WhiteElo "2679"]
[BlackElo "2608"]
[Annotator "Psakhis,L"]
[PlyCount "79"]
[EventDate "2003.09.03"]
[EventType "swiss"]
[EventRounds "9"]
[EventCountry "RUS"]
[SourceTitle "CBM 098"]
[Source "ChessBase"]
[SourceDate "2004.02.03"]
[SourceVersion "1"]
[SourceVersionDate "2004.02.03"]
[SourceQuality "1"]

1. e4 c5 2. Nf3 d6 3. Bb5+ Bd7 4. Bxd7+ Qxd7 5. O-O Nc6 6. Re1 Nf6 7. c3 e6 8.
d3 {Very rare move, the main purpose of which is to deviate from the
theoretical lines} ({White failed to get any advantage after} 8. d4 cxd4 9.
cxd4 d5 10. e5 Ne4 11. Nbd2 Nxd2 12. Bxd2 Be7 13. Bg5 O-O 14. Bxe7 Qxe7 15. Rc1
Qb4 16. Re3 Rac8 $11 {0-1 Khetsuriani,B-Vouldis,A/GRE-GEO Athens 2003 (40)})
8... Be7 9. Nbd2 O-O 10. Nf1 Rfd8 (10... Ne5 11. Ng3 Rac8 12. h3 Rfd8 13. Qe2
b6 14. Nh2 Qb7 15. f4 Ng6 16. f5 $36 {Reichenbach,W-Zlatilov,I/Berlin op 1988/
0-1 (95)}) (10... d5 11. e5 Ne8 12. Ng3 f5 13. exf6 Bxf6 14. Nh5 Nd6 15. Nxf6+
Rxf6 16. Bg5 Rf5 17. Be3 b6 $11 {1/2-1/2 Csoke,K-Gonda,L/HUN t-ch2 0102 2002/
Magyar Versenyek 2002 (30)}) 11. Ng3 Ne5 12. Ng5 $5 c4 13. d4 $146 (13. dxc4 $6
Nxc4 14. b3 Ne5 15. f4 Ng6 16. Qe2 h6 17. Nh3 b5 18. Rf1 Qc6 19. f5 exf5 20.
Rxf5 d5 21. exd5 Nxd5 22. Bd2 Nh4 23. Raf1 Re8 24. R5f2 Nf6 25. Kh1 Bd6 26. Be3
Nd5 27. Qh5 Nxe3 {Shishov,M-Smyslov,V/Moscow 1959/0-1 (40)}) 13... Nd3 14. Re2
b5 (14... d5 15. e5 Ne8 16. Nf3 $14 {[%cal Gf3e1]}) 15. Nf3 {[%cal Gf3e1]} b4
16. Ne1 bxc3 17. bxc3 Nxc1 18. Rxc1 Rab8 19. Nf3 d5 (19... Rb7 $5 {[%cal Gd8b8]
}) 20. Ne5 (20. e5 Ne8 {[%cal Ge8c7,Gc7b5]} (20... Ng4 $5 {[%cal Gg4h6]}))
20... Qb7 (20... Qb5 $142 $5 {with at least equal game}) 21. Qa4 $1 Rdc8 22. f3
Bf8 (22... Bd6 $5) 23. Rf1 Rc7 {The position is about equal, but Black fails
to find a correct plan and is being outplayed move by move.} 24. Qc2 g6 $6 {
[%csl Rf6,Rh6] Playing pretty good and interesting chess up to here, Nijer did
not bear the pressure of the struggle and without any reason just weaken
position of his king.} (24... Qa6 $5 {[%cal Gc7b7]}) 25. Qc1 Qc8 26. Nh1 $5 {
[%cal Gh1f2,Gf2g4] Seemingly, this move escaped Najer's attention. By
relocating this knight to the f2-g4 White greatly increases his chances for
initiative on the king's side.} Qa6 27. Nf2 Qa3 28. Qf4 Nh5 $8 (28... Ne8 29.
Nxf7 $1) 29. Qe3 Rcb7 30. exd5 ({Another promising possibility was} 30. g4 $5
Nf6 31. g5) 30... exd5 31. f4 Rb1 (31... f5 $2 32. Nc6) (31... Qd6 $5) 32. Nd1
Qa4 33. Ree1 f5 34. g4 $5 Ng7 (34... fxg4 35. Nxg4 {[%cal Gf4f5]}) 35. Qf3 Rd8
36. Ne3 Rxe1 37. Rxe1 Qa5 38. Rd1 $5 fxg4 (38... Qxc3 $4 39. Nxd5 $1 Qxf3 40.
Nf6+ Kh8 41. Nf7#) (38... Rd6 $142 39. gxf5 Nxf5 40. Nxf5 gxf5 41. Kh1 $16) 39.
N3xg4 $18 {[%cal Re5c6,Rg4f6]} Nf5 40. Nc6 (40. Nc6 Qb6 41. Nxd8 Qxd8 42. Qxd5+
) 1-0

[Event "Poikovsky Karpov 06th"]
[Site "Poikovsky"]
[Date "2005.02.28"]
[Round "3"]
[White "Rublevsky, Sergei"]
[Black "Sadvakasov, Darmen"]
[Result "1-0"]
[WhiteElo "2650"]
[BlackElo "2635"]
[Annotator "Psakhis,L"]
[PlyCount "83"]
[EventDate "2005.02.26"]
[EventType "tourn"]
[EventRounds "9"]
[EventCountry "RUS"]
[EventCategory "18"]
[SourceTitle "CBM 106"]
[Source "ChessBase"]
[SourceDate "2005.06.06"]
[SourceVersion "1"]
[SourceVersionDate "2005.06.06"]
[SourceQuality "1"]

1. e4 c5 2. Nf3 d6 3. Bb5+ Bd7 4. Bxd7+ Qxd7 5. O-O Nc6 6. c3 Nf6 7. Qe2 e6 8.
d4 cxd4 9. cxd4 d5 10. e5 Ne4 11. Be3 Be7 12. Ne1 f6 13. f3 Ng5 14. Nd3 O-O (
14... Nf7 15. f4 f5 16. Nd2 O-O 17. Nf3 Rac8 18. Nc5 Nxd4 19. Nxd7 Nxe2+ 20.
Kf2 Rfd8 21. Kxe2 Rxd7 22. Rfc1 Rdc7 23. Rxc7 Rxc7 24. Bxa7 Rc2+ $15 {1/2-1/2
Iuldachev,S-Hracek,Z/Calvia Olympiad 2004/ (93)}) (14... fxe5 15. Bxg5 Bxg5 16.
f4 (16. dxe5 O-O 17. f4 Bd8 $15) 16... Bxf4 $1 {N} (16... Bd8 {- 41/195}) 17.
dxe5 (17. Nxf4 exf4 18. Rxf4 O-O-O 19. Nc3 Rhf8 $17) 17... Nd4 $3 (17... Bh6
18. Qh5+ Kd8 19. Nc3 b6 20. Rf7 Qe8 21. Raf1 $16) 18. Qf2 (18. Qd1 Be3+ 19. Kh1
Nf5 $17) 18... O-O $1 19. Nxf4 (19. g3 Bxg3 $1 $19) (19. Qxd4 Bxh2+ $1 20. Kxh2
Rxf1 21. b3 Qf7 22. Na3 (22. Nd2 Qh5+ 23. Kg3 Qg5+ 24. Kh2 Rxa1 25. Qxa1 Qxd2
$19) 22... Qh5+ 23. Kg3 Qg5+ 24. Kh2 Qh6+ 25. Kg3 Qg6+ 26. Kh2 Rxa1 27. Qxa1
Qxd3 $19) 19... Rxf4 20. Qd2 Rxf1+ 21. Kxf1 Qb5+ 22. Kg1 Qc5 $1 23. Qe3 Rf8 {
0-1 Micic,S-Jovanovic,S/Jugoslavija 1994/}) 15. Bf2 (15. Nd2 Nf7 16. f4 b6 17.
Nf3 f5 18. Rac1 Rfc8 19. Rc2 Rc7 20. Rfc1 Rac8 21. Bd2 h6 22. h3 a5 23. Kh2 Kh7
24. Be3 a4 $11 {Short,N-Kasparov,G/London m 1987/0-1 (56)}) 15... b6 (15... Nf7
16. Rd1 f5 17. h4 Rac8 18. Nc3 b6 19. Nf4 Nh8 20. Rac1 Ng6 21. Nxg6 hxg6 22. f4
Kf7 23. g3 Na5 24. Kg2 Rh8 25. Qa6 Nc6 $11 {1/2-1/2 Rublevsky,S-Motylev,A/
Corsica Masters KO Bastia 2004/ (53)}) 16. Nc3 {[%mdl 4] White's plan does not
have a great reputation, but it is certainly more dangerous than it seems.} Nf7
$146 17. Rac1 Rac8 18. Rfd1 fxe5 (18... f5 $5 $13) 19. dxe5 Nh6 {[%cal Gh6f5]}
20. Qd2 {[%cal Gc3e2]} ({I don't think that White must play} 20. f4 Qe8 {
[%cal Ge8g6] with a nice game for black}) 20... Na5 21. Ne2 Nf5 (21... Rxc1 22.
Rxc1 Rc8 23. Rxc8+ Qxc8 24. Nd4 $14) 22. Rxc8 Rxc8 23. Rc1 Rxc1+ 24. Qxc1 {
Possibly White's chances are slightly better: He can fight for the important
square d4 and his pawn structure is better, but surely Black has all chances
for a successful defence.} Bf8 25. b3 Nc6 26. Qc3 Na5 {It looks that
Savdakasov doesn't see how he can improve position.} 27. h4 $14 {[%cal Gh4h5,
Gg2g4] Preparing an offensive on the kingside.} g6 28. g4 Ne7 29. Qd2 {[%cal
Gh4h5]} (29. Nd4 Nac6 {gives nothing to White}) 29... h6 $6 {Black doesn't
follow the good old rule: Never play with your pawns where you are weaker!} 30.
Be3 Kh7 31. h5 $1 {Rublevsky has got excellent attacking chances while Black
still has no real counterplay.} gxh5 (31... g5 32. f4 $40) 32. Nef4 $1 $16 {
Sergei Rublevsky plays with great energy this part of the game.} hxg4 {It is
difficult for black to find another reasonable move} 33. Nh5 {[%cal Rh5f6]} Qc7
({Black needs already good advice, white's advantage is obvious and after} 
33... Ng8 34. Ndf4 Qf7 35. fxg4 {[%cal Rd2d3]} Ne7 36. Nf6+ Kh8 37. Qc2 {
White has many unpleasant threats.}) 34. fxg4 (34. Nf6+ $5 Kg6 35. fxg4 $40)
34... Nac6 35. Nf6+ Kg6 (35... Kh8 36. Bxh6 Nxe5 $8 37. Qe3 $1 Nf3+ (37... Nxd3
38. Bg7+ $3 Kxg7 39. Ne8+) 38. Qxf3 Bxh6 39. g5 Ng8 $1 (39... Bxg5 40. Qh5+ Kg7
41. Ne8+) 40. Nxg8 Bxg5 41. Nf6 $18) 36. Ne8 (36. Qh2 $5 {[%cal Rh2h5]} Kf7 $8
(36... Nxe5 37. Nxe5+ Kxf6 38. g5+ $1 hxg5 39. Ng4+) 37. Qf2 $18) 36... Qb8 37.
Qh2 Kf7 38. Nd6+ $18 Kg8 (38... Kg6 39. Qh5+ Kh7 40. Qf7+ Kh8 41. Ne8 $1 $18)
39. Qh5 Bg7 (39... Nd8 40. Qe8) 40. Qf7+ Kh8 41. Ne8 Bxe5 42. Bxh6 1-0

[Event "FRA-chT poule basse"]
[Site "France"]
[Date "2003.05.07"]
[Round "8.4"]
[White "Glek, Igor Vladimirovich"]
[Black "Leriche, Eric"]
[Result "1/2-1/2"]
[WhiteElo "2576"]
[BlackElo "2316"]
[Annotator "Psakhis,L"]
[PlyCount "67"]
[EventDate "2003.05.07"]
[EventType "team"]
[EventRounds "4"]
[EventCountry "FRA"]
[SourceTitle "CBM 095"]
[Source "ChessBase"]
[SourceDate "2003.07.25"]
[SourceVersion "1"]
[SourceVersionDate "2003.07.25"]
[SourceQuality "1"]
[WhiteTeam "Vandoeuvre"]
[BlackTeam "Bordeaux"]
[WhiteTeamCountry "FRA"]
[BlackTeamCountry "FRA"]

1. e4 c5 2. Nf3 d6 3. Bb5+ Bd7 {The easiest way to equalization.} 4. Bxd7+ Qxd7
5. O-O {Glek choose old fashioned move.} (5. c4 {is more popular in modern
practice.}) 5... Nc6 6. c3 Nf6 7. d4 $5 {The only chance in the fight for
advantage.} ({After} 7. Re1 e6 8. d4 cxd4 9. cxd4 d5 10. e5 Ne4 11. Nbd2 Nxd2
12. Bxd2 Be7 $11 {chances are equal.}) 7... Nxe4 8. d5 Ne5 9. Re1 Nf6 10. Nxe5
dxe5 11. c4 (11. Rxe5 e6 12. c4 O-O-O 13. Nc3 {could lead to the moves
transposition.}) 11... O-O-O 12. Nc3 e6 13. Bg5 {White must be careful not to
allow black to return the material in favourable circumstances} ({For example,
he is getting nothing after} 13. Rxe5 Bd6 14. Re1 exd5 15. Nxd5 Qf5 16. Be3
Rhe8 17. h3 Nxd5 18. cxd5 Kb8 $13 {Hokkinnen,P-Shneider,A/EU-Cup Halkhidiki
2002}) 13... h6 $5 (13... Be7 $143 14. Rxe5 h6 15. Bf4 $1 exd5 (15... Bd6 16.
Qe2 $5) 16. Nb5 $5 b6 17. Qa4 a5 18. cxd5 $36 {1-0 Breder,D-Szeberenyi,A/
Budapest-9 GM 2002/}) 14. Bh4 Be7 15. Rxe5 Bd6 $146 ({Worth considering} 15...
Nxd5 16. cxd5 Bxh4 {for example} 17. Qg4 Bf6 18. dxe6 fxe6 19. Rxc5+ Kb8 20.
Rd1 Qe7 21. Rc4 Rxd1+ 22. Qxd1 Rd8 $11 {1/2-1/2 Kristensen,B-Shneider,A/Isle
of Man op 1999 (24)}) 16. Re1 (16. Bxf6 $5 gxf6 17. Rh5 Be5 18. Qf3 f5 19. Rd1
$13 {with unclear game.}) 16... g5 $5 17. Bg3 ({Maybe Glek could try} 17. Qf3
Nxd5 18. cxd5 gxh4 19. dxe6 fxe6 20. Ne4 $44) 17... Bxg3 18. hxg3 exd5 19. Qf3
Qc6 ({Black is OK and after} 19... d4 $5 20. Nb5 a6 21. Qxf6 axb5 $132 {
[%csl Gd4]}) 20. Re7 (20. cxd5 Nxd5 21. Re5 Nxc3 22. Qxc3 b6 23. Re7 Kb8 $15)
20... d4 21. Qf5+ (21. Qxc6+ $5 bxc6 22. Na4 Nd7 23. Rxf7 $13) 21... Kb8 22.
Nb5 ({Black have nothing to worry about and after} 22. Rxf7 dxc3 (22... Rdf8
23. Qe5+ Ka8 24. Rxf8+ Rxf8 25. Nd5 Nxd5 26. cxd5 Qd7 $13) 23. Rxf6 cxb2 24.
Qe5+ Qc7 25. Qxb2 h5 $11) 22... a6 (22... Ne8 23. b4 $5) 23. Qe5+ (23. Rxf7 $6
Nd7 24. Na3 {[%csl Ra3,Gd4]}) 23... Ka8 24. a4 $1 {[%csl Gb5][%mdl 2048]} d3 (
24... Nd7 $5 25. Nc7+ Kb8 26. Nxa6+ Ka7 27. Rxd7 Qxd7 28. Nxc5 $132) 25. Rxf7 {
Brave Glek decides to continue game.} (25. Nc7+ Ka7 {lead to draw.} 26. Nb5+
$11) 25... Nd7 26. Rxd7 ({Too dangerous for White to play} 26. Qc7 Qxc7 27.
Nxc7+ Ka7 $13 28. Ne6 $140 $2 Ne5 29. Nxd8 Rxd8 30. Re7 Nxc4 $19) (26. Nc7+ Kb8
(26... Ka7 $11) 27. Nxa6+ Ka7 28. Rxd7 Qxd7 29. Nc7 Rc8 30. Nd5 $132) 26...
Qxd7 27. Qxc5 $1 (27. Nc7+ Ka7 28. Qxc5+ b6 $1 $19) 27... axb5 28. axb5+ Kb8
29. b6 {[%cal Ra1a8]} Qc6 $1 {Avoiding simple trap -} (29... d2 $4 30. Ra8+
Kxa8 31. Qa5+ $18) 30. Qe5+ Kc8 (30... Qd6 31. Qa5 Kc8 32. Qf5+ (32. Qb5 Kb8)
32... Kb8 33. Qa5 Kc8 $11) 31. Qf5+ Kb8 32. Qe5+ Kc8 33. Qf5+ Kb8 34. Qe5+
1/2-1/2